Genetic transformation of embryogenic cell suspension of Musa Acuminata CV Mas (AA group) with a transcription factor associated with early flowering /
Saved in:
| Main Author: | |
|---|---|
| Format: | Thesis Book |
| Language: | English |
| Published: |
2007.
|
| Subjects: | |
| Tags: |
Add Tag
No Tags, Be the first to tag this record!
|
| LEADER | 00929cam a2200241 a 4500 | ||
|---|---|---|---|
| 001 | u764742 | ||
| 003 | SIRSI | ||
| 005 | 200901301657 | ||
| 008 | 090130s2007 my a t 000 0 eng m | ||
| 040 | |a UMM | ||
| 090 | |a QH302 |b UMP 2007 Won | ||
| 100 | 1 | |a Wong, Wei Chee. | |
| 245 | 1 | 0 | |a Genetic transformation of embryogenic cell suspension of Musa Acuminata CV Mas (AA group) with a transcription factor associated with early flowering / |c Wong Wei Chee. |
| 260 | |c 2007. | ||
| 300 | |a xxi, 275 leaves : |b ill. ; |c 30 cm. | ||
| 502 | |a Thesis (Ph.D) -- Institut Sains Biologi, Fakulti Sains, Universiti Malaya, 2008. | ||
| 504 | |a Bibliography: leaves 219-241. | ||
| 650 | 0 | |a Genetic transformation. | |
| 650 | 0 | |a Bananas |x Genetics. | |
| 710 | 2 | |a Universiti Malaya. |b Institut Sains Biologi. | |
| 596 | |a 1 | ||
| 900 | |a ZA | ||
| 999 | |a QH302 UMP 2007 WON |w LC |c 1 |i A513443916 |d 15/10/2014 |f 15/10/2014 |g 1 |l STACKS |m P01UTAMA |r Y |s Y |t TESIS |u 13/10/2014 | ||
